| 000 | 00631nam a22002051 4500 | ||
|---|---|---|---|
| 001 | gs 04000037 | ||
| 003 | DLC | ||
| 005 | 20260227111259.0 | ||
| 008 | 870311s1885 kyub s00000 eng c | ||
| 010 | _ags 04000037 //r872 | ||
| 040 |
_aU.S. Geol. Survey Libr./ICU _cICU |
||
| 043 | _an-us-ky | ||
| 050 | 0 |
_aQE116.M3 _bA |
|
| 110 | 1 | 0 |
_aKentucky. _bState Geologist. |
| 245 | 1 | 0 |
_aReport on the geology of Marion County, _cby W.T. Knott. |
| 260 | 0 |
_a[Frankfort] _bJ.D. Woods, Public Printer and Binder _c[1885] |
|
| 300 |
_a42 p. _bfold. col. map. _c25 cm. |
||
| 650 | 0 |
_aGeology _zKentucky _zMarion County. |
|
| 700 | 1 | 0 | _aKnott, W. T. |
| 999 |
_c24089 _d24089 |
||